Quick Pick: Alphabets Quiz Stats

Quiz Updated Jul 18, 2016

Challenge
Share
Tweet
Embed
Score 0/10 Timer 01:00
0 Plays Today
% Correct
Morse
85.2%
Arabic Alphabet
75.5%
Latin Alphabet
67.5%
Greek Alphabet
65.6%
Japanese Alphabet
64.5%
Hebrew Alphabet
53.4%
Cyrillic Alphabet
50.6%
Thai Alphabet
48.8%
Armenian Alphabet
36.7%
Hangul
30.5%

Today's Daily Dose

Quick Pick
Brass Quintet

On This Day
May 22nd II

You're not logged in!

Compare scores with friends on all Sporcle quizzes.
Join for Free
OR
Log In

You Might Also Like...

Show Comments

Extras

Top Quizzes Today


Score Distribution

Your Account Isn't Verified!

In order to create a playlist on Sporcle, you need to verify the email address you used during registration. Go to your Sporcle Settings to finish the process.

Report this User

Report this user for behavior that violates our Community Guidelines.

Details: